000 00465nam a22001697a 4500
999 _c41313
_d41313
003 OSt
005 20210428104203.0
008 210428b ||||| |||| 00| 0 eng d
020 _a9788182714069
040 _coclc
082 _a894.812301
_bABD/J
100 _98596
_aAbdu, E V
245 _aJeevithanandam/
_cE V Abdu
260 _aKozhikode:
_bIPH,
_c2018
300 _a62 pages
942 _2ddc
_cBK
_h894.812301
_iABD/J
_k894.812301
_mABD/J